000 00693nam a2200217Ii 4500
001 16397
003 CO-ViMGA
008 241108s9999||||xx |||||||||||||| ||und||
020 _a9789588245720
040 _aCO-ViMGA
_bspa
_erda
_cCO-ViMGA
041 0 _aunk
082 0 4 _aCo864.44 Z84t
100 1 _aEstanislao Zuleta
245 1 0 _aTres culturas, tres familias y otros ensayos
264 1 _a[Lugar de publicación no identificado] : Hombre Nuevo Editores, [Fecha de publicación no identificada]
300 _avolumen
336 _atext
_btxt
_2rdacontent
337 _aunmediated
_bn
_2rdamedia
338 _avolume
_bnc
_2rdacarrier
940 _aidficha_siabuc: 16066. -- ficha_no_siabuc:16397
999 _c51398
_d51398